000 00816naa a22002657u 4500
001 05498
003 HDC
007 cr bn ---aaaaa
008 210120s2006 xx a b 001 0 eng
040 _aHDC
245 0 _aPest Control and Sanitation
260 _a[No Place] :
_b[publisher not identified],
_c2006
300 _a26 pages
336 _atext
_2rdacontent
337 _acomputer
_2rdamedia
338 _aonline resource
_2rdacarrier
500 _aOriginal from book
650 _aFood industry
_9536
650 _aFood
_91783
650 _aPlant sanitation
_95743
856 _zRequest full-text at [email protected]
942 _2lcc
942 _cCHAP
942 _kEBCH 002790
999 _c2822
_d2822